[Event "HUN-chT2 Asztalos 1819"]
[Site "Hungary"]
[Date "2019.04.28"]
[Round "9.5"]
[White "Vrban, Damir"]
[Black "Ambrus, Lajos"]
[Result "1-0"]
[WhiteElo "2158"]
[BlackElo "1963"]
[PlyCount "107"]
[EventDate "2018.10.28"]
[EventType "team-tourn"]
[EventRounds "9"]
[EventCountry "HUN"]
[SourceTitle "EXT 2021"]
[Source "ChessBase"]
[SourceDate "2020.10.23"]
[SourceVersion "1"]
[SourceVersionDate "2020.10.23"]
[SourceQuality "1"]
[WhiteTeam "Nagyatad"]
[BlackTeam "Komlo"]
[WhiteTeamCountry "HUN"]
[BlackTeamCountry "HUN"]

1. g3 d5 2. Bg2 e5 3. c4 dxc4 4. Qa4+ c6 5. Qxc4 Be6 6. Qc2 g6 7. b3 Bg7 8. Bb2 Ne7 9. f4 Nd7 10. Nf3 Qc7 11. Ng5 Qd6 12. Nc3 0-0 13. Nce4 Qc7 14. Nxe6 fxe6 15. Ng5 Qd6 16. Bh3 Nf5 17. Qc4 Rfe8 18. Rc1 Nf8 19. fxe5 Bxe5 20. Ne4 Qd5 21. Bxe5 Qxe5 22. 0-0 Kg7 23. g4 Nd4 24. Ng3 Qd5 25. Qc3 e5 26. Bg2 Qd7 27. e3 Nb5 28. Qc4 Re7 29. Rf2 Ne6 30. Rcf1 Rf8 31. a4 Rxf2 32. Rxf2 Nd6 33. Qc3 Ng5 34. Qb4 Rf7 35. h4 Rxf2 36. Kxf2 Ngf7 37. Bf3 Qc7 38. d4 e4 39. Be2 Qe7 40. g5 Qd7 41. Kg2 h6 42. gxh6+ Nxh6 43. Qc5 Nhf5 44. Qe5+ Kf7 45. Nxf5 gxf5 46. Bc4+ Nxc4 47. bxc4 Kg6 48. Kg3 b6 49. Kf4 a6 50. h5+ Kxh5 51. Qxf5+ Qxf5+ 52. Kxf5 b5 53. cxb5 cxb5 54. axb5 1-0

[Event "HUN-chT2 Asztalos 1819"]
[Site "Hungary"]
[Date "2019.02.24"]
[Round "6.5"]
[White "Ambrus, Lajos"]
[Black "Szekacs, Mark"]
[Result "1/2-1/2"]
[WhiteElo "1963"]
[BlackElo "1951"]
[PlyCount "114"]
[EventDate "2018.10.28"]
[EventType "team-tourn"]
[EventRounds "9"]
[EventCountry "HUN"]
[SourceTitle "CBM 189 Extra"]
[Source "ChessBase"]
[SourceDate "2019.06.03"]
[SourceVersion "1"]
[SourceVersionDate "2019.06.03"]
[SourceQuality "1"]
[WhiteTeam "Komlo"]
[BlackTeam "Kaposvar Bastya"]
[WhiteTeamCountry "HUN"]
[BlackTeamCountry "HUN"]

1. e4 c5 2. Nf3 d6 3. d4 cxd4 4. Nxd4 Nf6 5. Nc3 a6 6. Bd3 g6 7. 0-0 Bg7 8. h3 0-0 9. Be3 Nc6 10. Na4 Nd7 11. Be2 Qa5 12. b3 Nxd4 13. Bxd4 b5 14. Nb2 Qc7 15. c4 b4 16. Bxg7 Kxg7 17. Nd3 Rb8 18. Nf4 Bb7 19. f3 Nc5 20. Qd2 Bc6 21. Rfe1 e6 22. Nd3 Nxd3 23. Bxd3 d5 24. cxd5 exd5 25. exd5 Bxd5 26. Kh1 Qb6 27. Be4 Be6 28. Rac1 Rbc8 29. Bd5 Bxd5 30. Qxd5 Rfd8 31. Qe5+ Kg8 32. Rxc8 Rxc8 33. Re2 Rc1+ 34. Kh2 Rc5 35. Qd4 Qc7+ 36. f4 f5 37. Re8+ Kf7 38. Rh8 Ke6 39. Rxh7 Qxh7 40. Qxc5 Qb7 41. Qe5+ Kf7 42. Qe3 Kg7 43. g4 Qd7 44. Kg3 Kf7 45. Qe2 Qd6 46. g5 Kf8 47. h4 Qd4 48. Qf2 Qc3+ 49. Kg2 a5 50. Qe2 Qd4 51. Kg3 Qg1+ 52. Qg2 Qe3+ 53. Qf3 Qe1+ 54. Kh3 Qc3 55. Kg2 Qd2+ 56. Qf2 Qd5+ 57. Kh2 Qd6 1/2-1/2

[Event "HUN-chT2 Asztalos 1819"]
[Site "Hungary"]
[Date "2019.02.10"]
[Round "5.7"]
[White "Csernyiczky, Laszlo"]
[Black "Ambrus, Lajos"]
[Result "1/2-1/2"]
[WhiteElo "1957"]
[BlackElo "1963"]
[PlyCount "34"]
[EventDate "2018.10.28"]
[EventType "team-tourn"]
[EventRounds "9"]
[EventCountry "HUN"]
[SourceTitle "CBM 189 Extra"]
[Source "ChessBase"]
[SourceDate "2019.06.03"]
[SourceVersion "1"]
[SourceVersionDate "2019.06.03"]
[SourceQuality "1"]
[WhiteTeam "Kiraly Sakk"]
[BlackTeam "Komlo"]
[WhiteTeamCountry "HUN"]
[BlackTeamCountry "HUN"]

1. e4 c5 2. Nf3 d5 3. exd5 Qxd5 4. Nc3 Qd8 5. Bc4 e6 6. 0-0 Nf6 7. Qe2 Be7 8. Rd1 Nc6 9. Bb5 Bd7 10. d4 cxd4 11. Nxd4 Qc7 12. Bg5 a6 13. Nxc6 Bxc6 14. Bd3 Nd5 15. Nxd5 Bxd5 16. Bxe7 Qxe7 17. Rd2 Qg5 1/2-1/2

[Event "HUN-chT2 Asztalos 1011"]
[Site "Hungary"]
[Date "2010.11.21"]
[Round "6.3"]
[White "Zsigmond, Karoly"]
[Black "Ambrus, Lajos"]
[Result "1-0"]
[WhiteElo "2078"]
[BlackElo "1963"]
[PlyCount "63"]
[EventDate "2010.09.12"]
[EventType "team-tourn"]
[EventRounds "11"]
[EventCountry "HUN"]
[SourceTitle "EXT 2012"]
[Source "ChessBase"]
[SourceDate "2011.11.24"]
[SourceVersion "1"]
[SourceVersionDate "2011.11.24"]
[SourceQuality "1"]
[WhiteTeam "Dunajvaros"]
[BlackTeam "Pecs Karmin"]
[WhiteTeamCountry "HUN"]
[BlackTeamCountry "HUN"]

1. e4 c5 2. d4 cxd4 3. c3 dxc3 4. Nxc3 Nc6 5. Nf3 d6 6. Bc4 e6 7. 0-0 Be7 8. Qe2 a6 9. Rd1 Qc7 10. Bf4 b5 11. Bb3 Na5 12. Bc2 Nc4 13. Bd3 Nf6 14. Rac1 Nh5 15. g3 Nxf4 16. gxf4 Qb6 17. Bxc4 bxc4 18. Na4 Qa5 19. Qxc4 Bb7 20. Nd4 Rc8 21. Qb3 Rxc1 22. Rxc1 Qd2 23. Rd1 Qxf4 24. f3 Bc8 25. Nc6 Bf6 26. e5 dxe5 27. Qa3 Bd7 28. Qd6 Qe3+ 29. Kg2 Qg5+ 30. Kh1 Bxc6 31. Qxc6+ Kf8 32. Qc8+ 1-0

[Event "HUN-chT2 Asztalos 0607"]
[Site "Hungary"]
[Date "2007.05.06"]
[Round "10"]
[White "Ambrus, Lajos"]
[Black "Paszler, Jozsef"]
[Result "0-1"]
[WhiteElo "1993"]
[BlackElo "2240"]
[PlyCount "64"]
[EventDate "2006.11.12"]
[EventType "team"]
[EventRounds "11"]
[EventCountry "HUN"]
[SourceTitle "EXT 2008"]
[Source "ChessBase"]
[SourceDate "2007.11.25"]
[SourceVersion "1"]
[SourceVersionDate "2007.11.25"]
[SourceQuality "1"]
[WhiteTeam "Pecs Karmin"]
[BlackTeam "Szekszard"]
[WhiteTeamCountry "HUN"]
[BlackTeamCountry "HUN"]

1. e4 c5 2. Nf3 Nc6 3. d4 cxd4 4. Nxd4 Nf6 5. Nc3 e5 6. Ndb5 d6 7. Bg5 a6 8. Bxf6 gxf6 9. Na3 b5 10. Nd5 f5 11. Bxb5 axb5 12. Nxb5 Ra4 13. Nbc7+ Kd7 14. c4 Ra7 15. Qh5 Ne7 16. Nb5 Nxd5 17. exd5 Qa5+ 18. Kd1 Ke8 19. Nxa7 Qxa7 20. Qe2 Rg8 21. f3 Bh6 22. g3 Ba6 23. b3 Kd7 24. Qd3 e4 25. fxe4 Re8 26. Rf1 Kd8 27. Rxf5 Bc8 28. Rf1 Bh3 29. Re1 Bg4+ 30. Kc2 Qf2+ 31. Kc3 Bg7+ 32. e5 Rxe5 0-1

[Event "HUN-chT2 Asztalos 0607"]
[Site "Hungary"]
[Date "2007.02.18"]
[Round "5"]
[White "Ambrus, Lajos"]
[Black "Pap, Peter"]
[Result "0-1"]
[WhiteElo "1993"]
[BlackElo "2084"]
[PlyCount "66"]
[EventDate "2006.11.12"]
[EventType "team"]
[EventRounds "11"]
[EventCountry "HUN"]
[SourceTitle "EXT 2008"]
[Source "ChessBase"]
[SourceDate "2007.11.25"]
[SourceVersion "1"]
[SourceVersionDate "2007.11.25"]
[SourceQuality "1"]
[WhiteTeam "Pecs Karmin"]
[BlackTeam "OK Travel"]
[WhiteTeamCountry "HUN"]
[BlackTeamCountry "HUN"]

1. e4 c6 2. d4 d5 3. e5 Bf5 4. Bd3 Bxd3 5. Qxd3 e6 6. f4 Qa5+ 7. Nd2 Qa6 8. Qe3 Ne7 9. g4 h5 10. Qh3 c5 11. dxc5 Ng6 12. Nb3 Qc4 13. Qe3 hxg4 14. c3 Nd7 15. Ne2 Nh4 16. 0-0 Nf3+ 17. Rxf3 gxf3 18. Qxf3 Nxc5 19. Nbd4 Qd3 20. Be3 0-0-0 21. Ng3 Qh7 22. Qg2 Qh3 23. Qe2 Ne4 24. Nxe4 dxe4 25. Rf1 a6 26. Nc6 Rd3 27. Na7+ Kb8 28. Bb6 Rh4 29. Kh1 Rd2 30. Qxd2 Qxf1+ 31. Bg1 Qf3+ 32. Qg2 Rxf4 33. Qxf3 exf3 0-1

[Event "HUN-chT2 Asztalos 0506"]
[Site "Hungary"]
[Date "2006.04.23"]
[Round "11"]
[White "Ambrus, Lajos"]
[Black "Barbarics, Tamas"]
[Result "1/2-1/2"]
[WhiteElo "1985"]
[BlackElo "2094"]
[PlyCount "63"]
[EventDate "2005.10.16"]
[EventType "team"]
[EventRounds "11"]
[EventCountry "HUN"]
[SourceTitle "EXT 2009"]
[Source "ChessBase"]
[SourceDate "2008.11.26"]
[SourceVersion "1"]
[SourceVersionDate "2008.11.26"]
[SourceQuality "1"]
[WhiteTeam "Pecs Karmin"]
[BlackTeam "Szekszard"]
[WhiteTeamCountry "HUN"]
[BlackTeamCountry "HUN"]

1. e4 e6 2. d4 d5 3. e5 c5 4. c3 Nc6 5. Nf3 Qb6 6. Bd3 Bd7 7. Bc2 cxd4 8. cxd4 Bb4+ 9. Nc3 Nge7 10. 0-0 Rc8 11. Na4 Qc7 12. Bd3 Nf5 13. Be3 Be7 14. Rc1 0-0 15. a3 f6 16. b4 a6 17. Nc5 fxe5 18. Nxd7 Qxd7 19. Nxe5 Nxe5 20. dxe5 Nxe3 21. fxe3 Bg5 22. Qd2 d4 23. Rxf8+ Rxf8 24. Rf1 Qc6 25. Qd1 Bxe3+ 26. Kh1 Rf2 27. Qg4 h5 28. Qg6 Qc3 29. Qxe6+ Kf8 30. Qd6+ Kg8 31. Qe6+ Kf8 32. Qd6+ 1/2-1/2

[Event "HUN-chT2 Asztalos 0405"]
[Site "Hungary"]
[Date "2005.04.24"]
[Round "11"]
[White "Ambrus, Lajos"]
[Black "Kiss, Judit"]
[Result "0-1"]
[WhiteElo "2009"]
[BlackElo "2138"]
[PlyCount "65"]
[EventDate "2004.09.26"]
[EventType "team"]
[EventRounds "11"]
[EventCountry "HUN"]
[SourceTitle "EXT 2009"]
[Source "ChessBase"]
[SourceDate "2008.11.26"]
[SourceVersion "1"]
[SourceVersionDate "2008.11.26"]
[SourceQuality "1"]
[WhiteTeam "Pecs Karmin"]
[BlackTeam "Aquaprofit"]
[WhiteTeamCountry "HUN"]
[BlackTeamCountry "HUN"]

1. e4 e6 2. d4 d5 3. Nc3 Bb4 4. Bd3 c5 5. Bb5+ Nc6 6. e5 Qa5 7. Bxc6+ bxc6 8. Bd2 cxd4 9. Nb1 Ne7 10. Qg4 Bxd2+ 11. Nxd2 Nf5 12. Ne2 c5 13. h4 Rb8 14. b3 Ba6 15. Ng3 Nxg3 16. Qxg3 0-0 17. Kd1 Rfd8 18. h5 h6 19. Rh3 c4 20. Qg4 Kh8 21. Qxd4 Rbc8 22. Rg3 c3 23. b4 Qc7 24. Nb3 Qc4 25. Rd3 Qxd4 26. Rxd4 Rc4 27. Ke1 Rb8 28. a3 Rbc8 29. Rad1 Kg8 30. Nc5 Rxd4 31. Rxd4 Bc4 32. f3 a5 33. Nb3 0-1

[Event "HUN-chT2 Asztalos 0405"]
[Site "Hungary"]
[Date "2005.01.23"]
[Round "6"]
[White "Ivan, Zoltan"]
[Black "Ambrus, Lajos"]
[Result "1-0"]
[WhiteElo "2219"]
[BlackElo "2009"]
[PlyCount "57"]
[EventDate "2004.09.26"]
[EventType "team"]
[EventRounds "11"]
[EventCountry "HUN"]
[SourceTitle "EXT 2009"]
[Source "ChessBase"]
[SourceDate "2008.11.26"]
[SourceVersion "1"]
[SourceVersionDate "2008.11.26"]
[SourceQuality "1"]
[WhiteTeam "Komlo Banyasz"]
[BlackTeam "Pecs Karmin"]
[WhiteTeamCountry "HUN"]
[BlackTeamCountry "HUN"]

1. d4 d5 2. c4 Nf6 3. Nc3 e6 4. Nf3 Be7 5. Bg5 0-0 6. e3 b6 7. Bd3 Bb7 8. Bxf6 Bxf6 9. cxd5 exd5 10. 0-0 g6 11. Rc1 Re8 12. b4 Be7 13. Qb3 a5 14. b5 Kg7 15. a4 f6 16. Rfd1 Bb4 17. Bb1 Qd6 18. Na2 c5 19. dxc5 bxc5 20. Nc3 Bxc3 21. Qxc3 Nd7 22. Nd2 d4 23. exd4 cxd4 24. Qc7 Qxc7 25. Rxc7 Bc8 26. Nf3 Kh6 27. Rxd4 Re7 28. Be4 Rb8 29. Bc6 1-0

[Event "HUN-chT2 Asztalos 0405"]
[Site "Hungary"]
[Date "2004.12.05"]
[Round "4"]
[White "Botos, Ferenc"]
[Black "Ambrus, Lajos"]
[Result "1-0"]
[WhiteElo "2206"]
[BlackElo "2009"]
[PlyCount "61"]
[EventDate "2004.09.26"]
[EventType "team"]
[EventRounds "11"]
[EventCountry "HUN"]
[SourceTitle "EXT 2009"]
[Source "ChessBase"]
[SourceDate "2008.11.26"]
[SourceVersion "1"]
[SourceVersionDate "2008.11.26"]
[SourceQuality "1"]
[WhiteTeam "Fehervar"]
[BlackTeam "Pecs Karmin"]
[WhiteTeamCountry "HUN"]
[BlackTeamCountry "HUN"]

1. d4 d5 2. Nf3 Bf5 3. c4 e6 4. Nc3 Nf6 5. Bg5 Be7 6. Bxf6 Bxf6 7. cxd5 exd5 8. Qb3 b6 9. Qxd5 Qxd5 10. Nxd5 Bd8 11. Rc1 c6 12. Nb4 Be4 13. e3 Be7 14. Nd3 Nd7 15. Be2 0-0 16. 0-0 c5 17. Nd2 Bxd3 18. Bxd3 Rfd8 19. Nf3 Nf6 20. Rfd1 Nd5 21. Be4 Rac8 22. Bxd5 Rxd5 23. dxc5 Rdxc5 24. Rxc5 Rxc5 25. Kf1 Rc7 26. Ke2 f6 27. Nd4 Kf7 28. Nb5 Rb7 29. Rd5 g6 30. e4 Bc5 31. Rxc5 1-0